000 00580nam a2200241Ia 4500
005 20260320201009.0
008 008 262003s9999 xx 000 0 eng d
037 _aEBOOK
040 _aCRL
040 _beng
040 _cCRL
041 _2eng
041 _aeng
084 _qCRL
100 _aAmetani
_91133985
245 0 _aCable System Transients: Theory, Modeling and Simulation
260 _bIEEE
260 _c2015
856 _uhttps://ieeexplore.ieee.org/servlet/opac?bknumber=7159540
942 _cEBOOK
999 _c1718176
_d1718176